| 000 | 00000nam 2200000zi 4500 |
| 001 | 9.865983 |
| 003 | CaOODSP |
| 005 | 20240527135431 |
| 006 | m o d f |
| 007 | cr ||||||||||| |
| 008 | 190918t20192019quca ob f000 0 eng d |
| 020 | |a9780660289779 |
| 040 | |aCaOODSP|beng|erda|cCaOODSP |
| 043 | |an-cn-bc |
| 086 | 1 |aCW66-586/2019E-PDF |
| 245 | 00|aColumbia National Wildlife Area : |bmanagement plan 2018. |
| 264 | 1|aGatineau, Quebec : |bEnvironment and Climate Change Canada = Environnement et Changement climatique Canada, |c[2019] |
| 264 | 4|c©2019 |
| 300 | |a1 online resource (v, 35 pages) : |bcolour maps |
| 336 | |atext|btxt|2rdacontent |
| 337 | |acomputer|bc|2rdamedia |
| 338 | |aonline resource|bcr|2rdacarrier |
| 500 | |aTitle from cover. |
| 500 | |aIssued also in French under title: Réserve nationale de faune Columbia : plan de gestion 2018. |
| 504 | |aIncludes bibliographical references (page 35). |
| 692 | 07|2gccst|aWildlife |
| 692 | 07|2gccst|aConservation areas |
| 692 | 07|2gccst|aEnvironmental management |
| 710 | 2 |aCanadian Wildlife Service. |
| 710 | 1 |aCanada. |bEnvironment and Climate Change Canada. |
| 775 | 08|tRéserve nationale de faune Columbia : |w(CaOODSP)9.865984 |
| 856 | 40|qPDF|s1.86 MB|uhttps://publications.gc.ca/collections/collection_2019/eccc/CW66-586-2019-eng.pdf |